[Event "III Open"]
[Site "Oviedo ESP"]
[Date "2008.07.31"]
[Round "9"]
[White "Pozo Vera,S"]
[Black "Del Rio de Angelis,S"]
[Result "1/2-1/2"]
[WhiteElo "2454"]
[BlackElo "2526"]

1.d4 Nf6 2.Nf3 e6 3.c4 b6 4.g3 Ba6 5.b3 Bb4+ 6.Bd2 Be7 7.Bg2 Bb7 8.O-O O-O
9.Nc3 Na6 10.Re1 d5 11.cxd5 exd5 12.Ne5 Re8 13.Rc1 Ba3 14.Rb1 h6 15.Nb5 Bf8
16.Rc1 c5 17.Bf4 Ne4 18.Nd3 Qd7 19.a4 g5 20.Be3 Rec8 21.Bf3 Qe6 22.Rf1 f6
23.Nc3 Rc7 24.Nb5 Rcc8 25.Nc3 Rd8 26.Qc2 Rac8 27.Qb2 Rd7 28.Rfd1 h5 29.Bg2 cxd4
30.Bxd4 Rh7 31.Nb5 Bc6 32.b4 Nb8 33.Be3 Qe8 34.Nd4 Bxa4 35.Rxc8 Qxc8 36.Rc1 Rc7
37.Rxc7 Qxc7 38.Bxe4 dxe4 39.Qa2+ Qf7 40.Qxa4 exd3 41.exd3 Qd7 42.Qb3+ Qf7
43.Qa4 a6 44.b5 axb5 45.Qxb5 Nd7 46.Nf5 Qe6 47.d4 Kh7 48.h4 Kg6 49.g4 hxg4
50.Ng3 f5 51.h5+ Kf6 52.d5 Qf7 53.Qc6+ Kg7 54.Bxg5 Ne5 55.Qc3 Bd6 56.Bf4 Qxd5
57.Nxf5+ Kh7 58.Bxe5 Qxe5 59.Qd3 Qa1+ 60.Kg2 Qa8+ 61.Kg1 Qa1+ 62.Kg2 Qa8+
63.Kg1 Qa1+ 64.Kg2 Qa8+ 65.Kg1 Qa1+  1/2-1/2

[Event "8th United Insurance"]
[Site "Dhaka BAN"]
[Date "2008.08.01"]
[Round "4"]
[White "Bitan,B"]
[Black "Ahmed,SN"]
[Result "1-0"]
[WhiteElo "2281"]
[BlackElo "2292"]

1.d4 Nf6 2.c4 e6 3.Nf3 b6 4.g3 Ba6 5.Qc2 d5 6.Nbd2 c6 7.Bg2 Be7 8.O-O O-O
9.b3 Nbd7 10.e4 Nxe4 11.Nxe4 dxe4 12.Qxe4 Rc8 13.Bb2 b5 14.c5 b4 15.Rfd1 Bb5
16.Qe1 Rb8 17.Bc1 a5 18.a3 a4 19.axb4 axb3 20.Qc3 Nf6 21.Qxb3 Nd5 22.Bd2 Bf6
23.Re1 Qc7 24.Qc2 h6 25.Ra5 Rfd8 26.h4 Qb7 27.g4 Ba6 28.g5 hxg5 29.hxg5 Be7
30.Rea1 Be2 31.Ne5 Qc8 32.Ra7 Re8 33.Qe4 Bh5 34.R1a4 Rb7 35.R7a6 Rc7 36.Nc4 Bg6
37.Qf3 Qd8 38.Qg3 Rf8 39.Ne5 Bc2 40.Ra2 Nxb4 41.Bxb4 Qxd4 42.Qc3 Qd1+ 43.Qe1 Qxe1+
44.Bxe1 Bb3 45.R2a5 Bd5 46.Bd2 Rd8 47.Be3  1-0

[Event "Arctic Chess Challenge"]
[Site "Tromso NOR"]
[Date "2008.08.02"]
[Round "1"]
[White "Gandrud,V"]
[Black "Agdestein,S"]
[Result "0-1"]
[WhiteElo "2002"]
[BlackElo "2583"]

1.d4 Nf6 2.c4 e6 3.Nf3 b6 4.g3 Ba6 5.Qc2 Bb7 6.Nbd2 c5 7.dxc5 Bxc5 8.Bg2 Nc6
9.O-O Rc8 10.a3 Be7 11.b3 O-O 12.Bb2 d6 13.Rfd1 h6 14.Rac1 Rc7 15.Nb1 a6
16.Nc3 Nb8 17.Qd3 Nbd7 18.Na4 Bc6 19.Bxf6 gxf6 20.c5 bxc5 21.Qxa6 d5 22.Qa5 Qb8
23.Qd2 Qxb3 24.Nxc5 Bxc5 25.Qxh6 Rb8 26.Qf4  0-1

[Event "Najdorf Memorial Open"]
[Site "Warsaw POL"]
[Date "2008.08.02"]
[Round "1"]
[White "Vedrickas,T"]
[Black "Winski,L"]
[Result "1-0"]
[WhiteElo "2288"]
[BlackElo "2045"]

1.d4 Nf6 2.c4 e6 3.Nf3 b6 4.g3 Ba6 5.Qc2 Be7 6.e4 d5 7.cxd5 Bxf1 8.Kxf1 exd5
9.e5 Ne4 10.Kg2 O-O 11.Nc3 Nxc3 12.bxc3 c5 13.h4 h5 14.Ng5 g6 15.e6 f5 16.g4 hxg4
17.Nf7 Qc8 18.h5 Qxe6 19.hxg6 Rxf7 20.gxf7+ Qxf7 21.Rh6 Bf8 22.Rh4 Be7 23.Rh1 Bd6
24.Bg5 Nd7 25.Rh4 Nf8 26.Rah1 Ng6 27.Rh7 Qe6 28.R1h6 Bf8 29.Rh8+ Kf7 30.R6h7+ Ke8
31.Qa4+  1-0

[Event "Arctic Chess Challenge"]
[Site "Tromso NOR"]
[Date "2008.08.03"]
[Round "2"]
[White "Hagen,Ande"]
[Black "Forsaa,E"]
[Result "0-1"]
[WhiteElo "2084"]
[BlackElo "2282"]

1.d4 Nf6 2.c4 e6 3.Nf3 b6 4.g3 Ba6 5.Qc2 c6 6.Bg2 d5 7.b3 Nbd7 8.O-O Rc8
9.Nbd2 Be7 10.e4 dxe4 11.Nxe4 c5 12.dxc5 Nxe4 13.Qxe4 Bf6 14.Rb1 Nxc5 15.Qc2 Bb7
16.Re1 Qd3 17.Qxd3 Nxd3 18.Rd1 Nxc1 19.Rbxc1 Ke7 20.Rd2 Bxf3 21.Bxf3 Bg5
22.Rdc2 Bxc1 23.Rxc1 Rhd8 24.b4 Rd4  0-1

[Event "8th United Insurance"]
[Site "Dhaka BAN"]
[Date "2008.08.04"]
[Round "8"]
[White "Chatterjee,D"]
[Black "Ali,MdI"]
[Result "1-0"]
[WhiteElo "2231"]
[BlackElo "2172"]

1.d4 Nf6 2.c4 e6 3.Nf3 b6 4.g3 Ba6 5.Qa4 Bb7 6.Bg2 Be7 7.O-O O-O 8.Nc3 d6
9.Re1 Ne4 10.Qc2 f5 11.Nd2 d5 12.cxd5 exd5 13.Qb3 Kh8 14.Nf3 c6 15.h4 Bd6
16.Ng5 Qe8 17.Ncxe4 fxe4 18.Nh3 Nd7 19.Bf4 Qb8 20.Qe3 Nf6 21.f3 Nh5 22.Bxd6 Qxd6
23.f4 Bc8 24.a3 Rf6 25.Nf2 Rg6 26.Nh1 Bd7 27.Kh2 Rf8 28.Rf1 Qe7 29.Bh3 Bxh3
30.Kxh3 Qd7+ 31.Kh2 Qg4 32.Rac1 Rff6 33.Rc3 Qd7 34.Rg1 c5 35.dxc5 h6 36.cxb6 Rxb6
37.Qc1 Nf6 38.Nf2 Ng4+ 39.Nxg4 Qxg4 40.Rg2 Kh7 41.Rc8 Rb3 42.Rc3 Rb8 43.Qd2 Rd6
44.e3 Qe6 45.Qd4 a5 46.b4 axb4 47.axb4 Rdb6 48.Rc7 Qg4 49.Qxd5 Rxb4 50.Qd7 Qxd7
51.Rxd7 Rb3 52.Re2 R8b4 53.Kg2 Kg6 54.g4 Rc3 55.Kg3 Rc1 56.h5+ Kf6 57.Red2 Rb6
58.R2d6+ Rxd6 59.Rxd6+ Kf7 60.Rd4 Rg1+ 61.Kh3 g6 62.hxg6+ Kxg6 63.Rxe4  1-0

[Event "5th Open"]
[Site "Kalamaria GRE"]
[Date "2008.08.04"]
[Round "3"]
[White "Pantovic,D"]
[Black "Saric,A"]
[Result "1/2-1/2"]
[WhiteElo "2153"]
[BlackElo "2513"]

1.d4 Nf6 2.Nf3 e6 3.c4 b6 4.g3 Ba6 5.Nbd2 Bb4 6.Qb3 c5 7.Bg2 Nc6 8.dxc5 bxc5
9.O-O O-O 10.Qa4 Qb6 11.a3 Bxd2 12.Bxd2 d5 13.cxd5 exd5 14.b4 cxb4 15.Be3 Qb5
16.Qxb5 Bxb5 17.axb4 Bxe2 18.Rfc1 Nxb4 19.Bxa7 Rfc8 20.Rxc8+ Rxc8 21.Nd4 Bg4
22.Rb1 Nd3 23.Rb8 Rxb8 24.Bxb8 Bd7 25.Bf1 Nc5 26.Bd6 Nfe4 27.Be7 Ne6 28.Nf5 f6
29.Bb4 Kf7 30.f3 N4g5 31.Nd6+ Kg8 32.Kf2 Nd4 33.Bg2 Nf7 34.f4 Nxd6 35.Bxd6 Bc6
36.Bh3 Kf7 37.Ke3 Nb5 38.Bc5 g6 39.Bc8 Nc7 40.f5 Nb5 41.Kd3 Nc7  1/2-1/2

[Event "Najdorf Memorial Open"]
[Site "Warsaw POL"]
[Date "2008.08.04"]
[Round "3"]
[White "Salem,AR"]
[Black "Zhigalko,A"]
[Result "1-0"]
[WhiteElo "2443"]
[BlackElo "2551"]

1.d4 Nf6 2.c4 e6 3.Nf3 b6 4.g3 Ba6 5.Qc2 Bb4+ 6.Nbd2 O-O 7.Bg2 d5 8.O-O c5
9.dxc5 Bxc5 10.a3 Nbd7 11.Qa4 Bb7 12.cxd5 Bxd5 13.e4 Bb7 14.e5 Nd5 15.Qg4 Kh8
16.Qh5 f6 17.b4 Be7 18.Nd4 Qe8 19.Qxe8 Rfxe8 20.Nxe6 Nxe5 21.Bxd5 Bxd5 22.Nc7 Red8
23.Nxa8 Bxa8 24.f4 Nd3 25.Nf3 Kg8 26.Be3 Rc8 27.Ne1 Rc3 28.Bd4 Rc4 29.Be3 Nb2
30.Ra2 Nd1 31.Bd2 Be4 32.Nd3 Nc3 33.Bxc3 Rxc3 34.Re1 Bd5 35.Rd2 Bf8 36.Nf2 Bc6
37.Rd3 Rc2 38.Rd8 Kf7 39.Rc8 a5 40.b5 Bc5 41.Rxc6 Bxf2+ 42.Kf1 Bc5 43.Re2 Rc3
44.a4 h5 45.Kg2 Kg6 46.Re5 Rc2+ 47.Kh3 Ra2 48.Rg5+ Kh6 49.g4 Ra3+ 50.Kg2 Ra2+
51.Kf3 hxg4+ 52.Kxg4 Rxh2 53.Kf5 Kh7 54.Rg4 Rd2 55.Rg3 Rf2 56.Rc8 Rh2 57.Rc7 Bf8
58.Rf7 Kg8 59.Rxf6 Ra2 60.Rxb6 Rxa4 61.Rb8 Rb4 62.Rc3 g6+ 63.Ke5 Rxb5+ 64.Rxb5 Bg7+
65.Ke6 Bxc3 66.Rg5 Kh7 67.Kf7 Bd2 68.Rg4  1-0

[Event "Najdorf Memorial Open"]
[Site "Warsaw POL"]
[Date "2008.08.05"]
[Round "4"]
[White "Urban,K"]
[Black "Zakhartsov,Vi"]
[Result "1/2-1/2"]
[WhiteElo "2469"]
[BlackElo "2556"]

1.d4 Nf6 2.Nf3 e6 3.c4 b6 4.g3 Ba6 5.b3 Bb4+ 6.Bd2 Be7 7.Bc3 d5 8.Nbd2 c6
9.Bg2 Nbd7 10.O-O O-O 11.Re1 Bb7 12.e4 Nxe4 13.Nxe4 dxe4 14.Rxe4 c5 15.Re3 Bf6
16.Ne5 Bxg2 17.Kxg2 cxd4 18.Bxd4 Nxe5 19.Bxe5 Bxe5 20.Rxe5 Qc7 21.Re3 Rad8
22.Qf3 Rd2 23.Re2 Rd4 24.Re4 Rxe4 25.Qxe4 Rd8 26.Re1 g6 27.Re3 Qd6 28.h4 h5
29.Qf3 Kg7 30.Re2 Qd4 31.Qc6  1/2-1/2

[Event "17th Open"]
[Site "Kavala GRE"]
[Date "2008.08.06"]
[Round "8"]
[White "Pavlovic,MiloM"]
[Black "Satyapragyan,S"]
[Result "1/2-1/2"]
[WhiteElo "2537"]
[BlackElo "2414"]

1.d4 Nf6 2.Nf3 e6 3.c4 b6 4.g3 Ba6 5.Nbd2 d5 6.Bg2 Be7 7.O-O O-O 8.cxd5 exd5
9.Ne5 Bb7 10.Ndf3 Na6 11.b3 c5 12.Bb2 Nc7 13.Rc1 Ne6 14.e3 Re8 15.Qe2 Bd6
16.Rfd1 Qe7 17.Nh4 cxd4 18.Nf5 Qf8 19.exd4 Bb4 20.Qf3 g6 21.a3 Be7 22.Nxe7+ Qxe7
23.h4 Rac8 24.a4 Ne4 25.Qe3 f5 26.Nd3 Rxc1 27.Rxc1 Rc8 28.Rxc8+ Bxc8 29.Nf4 Qd6
30.Qc1 Bd7 31.Nxe6 Qxe6 32.Qc7 Nf6 33.Bf3 a6 34.Ba3 Ne8 35.Qb7 Nf6 36.Qxa6 f4
37.Qa8+ Be8 38.Qb8 fxg3 39.Qxg3 Qe1+ 40.Kh2 Ne4 41.Bxe4 Qxe4 42.Bc1 Qxd4
43.Be3 Qe4 44.Bxb6 d4 45.Bc5 d3 46.Be3 Bc6 47.Qb8+ Kg7 48.Qc7+ Kg8 49.Qb8+ Kg7  1/2-1/2

[Event "Petrovskaya Ladya Open"]
[Site "Peterhof RUS"]
[Date "2008.08.06"]
[Round "5"]
[White "Sychev,K"]
[Black "Uliashov,D"]
[Result "1/2-1/2"]
[WhiteElo "2114"]
[BlackElo "2256"]

1.d4 Nf6 2.c4 e6 3.Nf3 b6 4.g3 Ba6 5.b3 Bb4+ 6.Bd2 Be7 7.Bg2 c6 8.Bc3 d5
9.Ne5 Nfd7 10.Nxd7 Nxd7 11.Nd2 O-O 12.O-O Rc8 13.e4 dxc4 14.bxc4 b5 15.Re1 bxc4
16.Qc2 Qc7 17.Bf1 Bf6 18.Bxc4 Bb7 19.Rac1 Nb6 20.e5 Be7 21.Bd3 h6 22.Ne4 Nd7
23.Qe2 c5 24.Bd2 Qd8 25.Qg4 Nxe5 26.dxe5 Qxd3 27.Bxh6 g6 28.Bxf8 Kxf8 29.Rcd1 Qb5
30.Qf4 Kg7 31.Nd6 Bxd6 32.Qf6+ Kg8 33.Rxd6 c4 34.Red1 Re8 35.Rd8 Bd5 36.Rxe8+ Qxe8
37.Rd4 Qb8 38.Rd1 c3 39.Rc1  1/2-1/2

[Event "Arctic Chess Challenge"]
[Site "Tromso NOR"]
[Date "2008.08.06"]
[Round "5"]
[White "Jaeger,Fro"]
[Black "Reynolds,D"]
[Result "0-1"]
[WhiteElo "2148"]
[BlackElo "2105"]

1.Nf3 Nf6 2.c4 e6 3.d4 b6 4.g3 Ba6 5.Qc2 Bb7 6.Bg2 c5 7.d5 exd5 8.Ne5 Nc6
9.Bf4 Be7 10.cxd5 Nd4 11.Qd2 Bxd5 12.Bxd5 Nxd5 13.e3 Nxf4 14.gxf4 Nc6 15.Nc3 Bf6
16.Ng4 Bxc3 17.Qxc3 f6 18.h4 h5 19.Nh2 Qe7 20.O-O-O Nb4 21.Kb1 Qe4+ 22.Ka1 Nc2+
23.Kb1 Nb4+ 24.Ka1 Nc2+ 25.Kb1 Ne1+  0-1

[Event "IV RC Sport Open"]
[Site "Ceska Trebova CZE"]
[Date "2008.08.09"]
[Round "3"]
[White "Cvek,R"]
[Black "Grandelius,N"]
[Result "1/2-1/2"]
[WhiteElo "2532"]
[BlackElo "2366"]

1.Nf3 Nf6 2.c4 b6 3.d4 e6 4.g3 Ba6 5.Nbd2 Bb4 6.Qc2 Bb7 7.Bg2 Be4 8.Qd1 O-O
9.O-O Bxd2 10.Qxd2 d6 11.b3 Nbd7 12.Bb2 Re8 13.Rfd1 a5 14.a4 h6 15.Qe3 Qe7
16.Rac1 Rad8 17.Bh3 Ba8 18.Ba3 e5 19.d5 Bb7 20.Nd2 Nc5 21.Bxc5 bxc5 22.Nb1 Bc8
23.Bxc8 Rxc8 24.Nc3 Qd7 25.Qf3 e4 26.Qg2  1/2-1/2

[Event "Petrovskaya Ladya Open"]
[Site "Peterhof RUS"]
[Date "2008.08.09"]
[Round "8"]
[White "Sychev,K"]
[Black "Duzhakov,I"]
[Result "0-1"]
[WhiteElo "2114"]
[BlackElo "2267"]

1.d4 Nf6 2.c4 e6 3.Nf3 b6 4.g3 Ba6 5.b3 Bb4+ 6.Bd2 Be7 7.Bg2 Bb7 8.Bc3 O-O
9.O-O c5 10.e3 Na6 11.Nbd2 Rc8 12.Qe2 Ne4 13.Nxe4 Bxe4 14.Rfd1 Bf6 15.Rac1 cxd4
16.exd4 Bb7 17.Ne5 Bxg2 18.Kxg2 d5 19.c5 Nb8 20.b4 bxc5 21.dxc5 Nd7 22.f4 Nxe5
23.fxe5 Bg5 24.Rb1 Qd7 25.h4 Be7 26.Qa6 Rc6 27.Qa4 Qb7 28.Bd4 Ra6 29.Qb3 Qb5
30.Re1 Rb8 31.a3 Ra4 32.Qc3 Qc6 33.Qb3 Qb5 34.Qc3 Re8 35.Re3 Rb8 36.Ree1 Qa6
37.Ra1 Qc6 38.Rab1 a5 39.Rb2 axb4 40.axb4 Qb5 41.Reb1 Rba8 42.Kh3 Ra3 43.Rb3 Ra2
44.R3b2 h5 45.Rxa2 Rxa2 46.Ra1 Rxa1 47.Qxa1 Qxb4 48.c6 Qc4 49.Qa8+ Kh7 50.Bb6 Qf1+
51.Kh2 Qe2+ 52.Kg1 Qe1+ 53.Kg2 Qe4+ 54.Kg1 Qb1+ 55.Kg2 Qxb6 56.Qb7 Bd8  0-1

[Event "BDO Premier"]
[Site "Haarlem NED"]
[Date "2008.08.11"]
[Round "3"]
[White "Siebrecht,S"]
[Black "Janssen,Ru"]
[Result "0-1"]
[WhiteElo "2453"]
[BlackElo "2503"]

1.d4 Nf6 2.Nf3 e6 3.c4 b6 4.g3 Ba6 5.Qc2 c5 6.Bg2 Nc6 7.dxc5 bxc5 8.O-O Be7
9.Qa4 Qc8 10.Nc3 Bb7 11.Bf4 Nh5 12.Bg5 f6 13.Be3 f5 14.Bg5 Nf6 15.Rad1 O-O
16.Nb5 a6 17.Nd6 Bxd6 18.Rxd6 Ne4 19.Rdd1 d6 20.Be3 e5 21.Bc1 Qe8 22.e3 Qg6
23.Nd2 h5 24.Nf3 Nd8 25.a3 a5 26.Qc2 Qh7 27.h4 a4 28.Nd2 Nf7 29.Nb1 g5 30.hxg5 Nfxg5
31.f4 Ne6 32.Nc3 Nxg3 33.Rf2 exf4 34.Rxd6 Rae8 35.Nd5 h4 36.Nxf4 Bxg2 37.Nxe6 Qg6
38.Rxg2 Rxe6 39.Rxe6 Qxe6 40.Qf2 Qxc4 41.Bd2 Qg4 42.Kh2 Rd8 43.Be1 Rd1 44.Rg1 Qe4
45.Qf4 Qxf4 46.exf4 Kf7 47.Bxg3 Rxg1 48.Kxg1 hxg3 49.Kg2 Ke6 50.Kxg3 Kd5
51.Kh4 Ke4 52.Kg3 c4  0-1

[Event "Open"]
[Site "Ptuj SLO"]
[Date "2008.08.11"]
[Round "4"]
[White "Markus,Rob"]
[Black "Podkriznik,G"]
[Result "1-0"]
[WhiteElo "2572"]
[BlackElo "2370"]

1.d4 Nf6 2.c4 e6 3.Nf3 b6 4.g3 Ba6 5.b3 Bb4+ 6.Bd2 Be7 7.Bc3 d5 8.cxd5 exd5
9.Bg2 O-O 10.O-O Nbd7 11.Bb2 Re8 12.a3 Bb7 13.Nc3 a6 14.e3 Bd6 15.b4 b5 16.Ne1 Nb6
17.Nd3 Nc4 18.Qc2 c6 19.Rfe1 Bc8 20.e4 dxe4 21.Nxe4 Nxe4 22.Bxe4 Rxe4 23.Rxe4 Bf5
24.Qe2 Bxe4 25.Qxe4 Qe8 26.Qxe8+ Rxe8 27.Bc3 Nb6 28.Kf1 f6 29.Rc1 Kf7 30.Be1 Rc8
31.Ke2 Ke6 32.Nb2 Kd5 33.Kd3 Re8 34.Nd1 Nc4 35.a4 h5 36.axb5 axb5 37.Ra1 Ke6
38.Ra6 Kd7 39.Ra7+ Bc7 40.Ne3 Nxe3 41.fxe3 Kc8 42.e4 Kb8 43.Ra2 Kb7 44.Bc3 Bd6
45.d5 c5 46.bxc5 Bxc5 47.Bd4 Bxd4 48.Kxd4 Kb6 49.Rc2 Ra8 50.Rc6+ Kb7 51.Re6 Ra2
52.Kc5 Rxh2 53.Re7+ Kc8 54.Kxb5 g5 55.Kc6 Rc2+ 56.Kd6 Re2 57.Re6 h4 58.gxh4 gxh4
59.Ke7 Ra2 60.Rc6+ Kb7 61.Rxf6 Re2 62.Rf4 h3 63.Kd7 h2 64.Rh4 Rxe4 65.Rxh2 Rc4
66.Rb2+ Ka7 67.d6 Rh4 68.Kc7 Rc4+ 69.Kd8 Rc1 70.d7 Re1 71.Rb4 Re2 72.Kc7 Rc2+
73.Kd6 Rd2+ 74.Kc6 Rd1 75.Rb5  1-0

[Event "IV RC Sport Open"]
[Site "Ceska Trebova CZE"]
[Date "2008.08.13"]
[Round "7"]
[White "De Verdier,M"]
[Black "Jackova,J"]
[Result "0-1"]
[WhiteElo "2222"]
[BlackElo "2358"]

1.d4 Nf6 2.Nf3 e6 3.c4 b6 4.g3 Ba6 5.Qc2 Bb7 6.Bg2 c5 7.d5 exd5 8.cxd5 Nxd5
9.O-O Be7 10.Qe4 Bc6 11.Ne5 Nf6 12.Nxc6 Nxc6 13.Qa4 O-O 14.Rd1 Nd4 15.Nc3 a6
16.Bxa8 Qxa8 17.Rxd4 cxd4 18.Qxd4 Bc5 19.Qf4 Re8 20.b4 Ne4 21.Nxe4 Rxe4 22.bxc5 Rxf4
23.Bxf4 g5 24.Be3 bxc5 25.Bxc5 Qd5 26.Be3 h5 27.h3 f6 28.a3 Qb3 29.Bd4 Kf7
30.e3 Ke6 31.Kg2 f5 32.Kh2 d6 33.Kg2 Qc2 34.Kg1 h4 35.gxh4 gxh4 36.Kg2 f4
37.a4 Qe2 38.a5 f3+ 39.Kg1 Qc2 40.Kh1 Qxf2 41.Rg1 Qe2 42.Rg6+ Kd7  0-1

[Event "Independence Cup A"]
[Site "Kyiv UKR"]
[Date "2008.08.13"]
[Round "1"]
[White "Melnichuk,M"]
[Black "Korniyuk,M"]
[Result "1-0"]
[WhiteElo "2290"]
[BlackElo "2009"]

1.d4 Nf6 2.c4 e6 3.Nf3 b6 4.g3 Ba6 5.Qa4 c5 6.Bg2 Bb7 7.dxc5 Bxc5 8.O-O O-O
9.Nc3 Qe7 10.a3 a5 11.Qc2 d5 12.cxd5 exd5 13.Rd1 Rd8 14.Nd4 Bxd4 15.Rxd4 Nc6
16.Rd1 Ne5 17.Bg5 d4 18.Bxf6 gxf6 19.Ne4 Rac8 20.Qd2 Nc4 21.Qf4 Bxe4 22.Bxe4 Qe5
23.Qh4 h5 24.b3 Nd6 25.Bf3 Rc3 26.Rxd4 Rxb3 27.Rad1 Rxa3 28.Rd5  1-0

[Event "Independence Cup A"]
[Site "Kyiv UKR"]
[Date "2008.08.13"]
[Round "11"]
[White "Shmat,S"]
[Black "Rodin,A"]
[Result "1-0"]
[WhiteElo "2093"]
[BlackElo "1762"]

1.d4 Nf6 2.c4 e6 3.Nf3 b6 4.g3 Ba6 5.b3 d5 6.Bg2 dxc4 7.Ne5 Bb4+ 8.Kf1 Bd6
9.Nxc4 Nd5 10.Nbd2 Nc6 11.Bb2 O-O 12.e4 Nde7 13.Kg1 b5 14.Ne3 e5 15.d5 Nd4
16.Nf3 Nxf3+ 17.Bxf3 c6 18.dxc6 Nxc6 19.Nf5 Bc5 20.Kg2 Qb6 21.Rc1 Rac8 22.Qd5 Nd4
23.Qxe5 Nxf5 24.exf5 f6 25.Qe6+ Kh8 26.Qxb6 Bxb6 27.Rhd1 Rxc1 28.Rxc1 Rd8
29.Rd1 Rxd1 30.Bxd1 Bc8 31.g4 Kg8 32.Ba3 Kf7 33.Bf3 a5 34.Bd5+ Ke8 35.Bc6+ Bd7
36.Bxd7+ Kxd7 37.Bf8 g6 38.fxg6 hxg6 39.h4 a4 40.h5 axb3 41.axb3 gxh5 42.gxh5 Ke8
43.Bb4 Kf7 44.Bd2 Kg7 45.f3 Bd4 46.Kg3 f5 47.Bg5 Be5+ 48.Bf4 Bd4 49.Kg2 Kf6
50.Kf1 Bc3 51.Ke2 Bb2 52.Kd3 Ba1 53.Bd2 Bb2 54.Be3 Ba3 55.Kd4 Bd6 56.Kd5 f4
57.Bd4+ Ke7 58.h6 Kf7 59.h7  1-0

[Event "Independence Cup G"]
[Site "Kyiv UKR"]
[Date "2008.08.14"]
[Round "1"]
[White "Baryshpolets,A"]
[Black "Pavlov,S2"]
[Result "1/2-1/2"]
[WhiteElo "2413"]
[BlackElo "2433"]

1.d4 Nf6 2.c4 e6 3.Nf3 b6 4.g3 Ba6 5.b3 Bb4+ 6.Bd2 Be7 7.Bg2 c6 8.O-O d5
9.Qc2 O-O 10.a4 Nbd7 11.a5 c5 12.Rd1 Qc8 13.cxd5 exd5 14.Nc3 Re8 15.Qb2 Bd6
16.Be3 Rxe3 17.fxe3 Qe8 18.Qd2 cxd4 19.Nxd4 Bb4 20.Nc2 Bxc3 21.Qxc3 Rc8 22.Qd2 Nc5
23.Nd4 Nce4 24.Qe1 Nc3 25.Rdc1 Qxe3+ 26.Qf2 Qxd4 27.Qxd4 Nxe2+ 28.Kf2 Nxd4
29.Rxc8+ Bxc8 30.axb6 axb6 31.Ra8 g6 32.Rxc8+ Kg7 33.Bxd5 Nxd5  1/2-1/2

[Event "VII Open"]
[Site "Ortigueira ESP"]
[Date "2008.08.14"]
[Round "5"]
[White "Pozo Vera,S"]
[Black "Filip,L"]
[Result "1/2-1/2"]
[WhiteElo "2454"]
[BlackElo "2461"]

1.d4 Nf6 2.Nf3 e6 3.c4 b6 4.g3 Ba6 5.b3 Bb7 6.Bg2 Bb4+ 7.Bd2 c5 8.O-O O-O
9.Bc3 Na6 10.Bb2 cxd4 11.Qxd4 Be7 12.Nc3 Nc5 13.Rfd1 Qb8 14.b4 Nce4 15.a3 Rd8
16.Nxe4 Bxe4 17.Ne1 Bxg2 18.Nxg2 Qb7  1/2-1/2

[Event "Open"]
[Site "Stare Mesto CZE"]
[Date "2008.08.14"]
[Round "8"]
[White "Buran,J"]
[Black "Kubis,I"]
[Result "1/2-1/2"]
[WhiteElo "2180"]
[BlackElo "2024"]

1.d4 Nf6 2.Nf3 e6 3.c4 b6 4.g3 Ba6 5.Qa4 Be7 6.Bg2 Bb7 7.O-O O-O 8.Nc3 d6
9.Rd1 Nbd7 10.d5 e5 11.Qc2 Re8 12.b3 Bf8 13.Rb1 g6 14.a3 Qe7 15.b4 Rab8 16.Nb5 Qd8
17.Ne1 Ba6 18.Nd3 Qc8  1/2-1/2

[Event "35th Open"]
[Site "Manresa ESP"]
[Date "2008.08.16"]
[Round "5"]
[White "Di Berardino,D"]
[Black "Gomez,Gu"]
[Result "1-0"]
[WhiteElo "2471"]
[BlackElo "2076"]

1.d4 Nf6 2.c4 e6 3.Nf3 b6 4.g3 Ba6 5.Qa4 Bb7 6.Bg2 Be7 7.O-O O-O 8.Nc3 c5
9.dxc5 bxc5 10.Bf4 Qb6 11.Qc2 d6 12.Rfd1 Rd8 13.a3 Na6 14.Rab1 Rac8 15.e4 e5
16.Be3 Ng4 17.Bd2 Bc6 18.Bh3 h5 19.Ne1 Rb8 20.Ng2 Nc7 21.Bxg4 hxg4 22.Ne3 Qb7
23.Nf5 Ne6 24.Be3 Nd4 25.Bxd4 cxd4 26.Nd5 Bg5 27.Qe2 Bxd5 28.cxd5 Bf6 29.Qxg4 g6
30.Nh4 Bxh4 31.Qxh4 Kg7 32.Qg4 Rdc8 33.Rd2 Rc7 34.h4 Qc8 35.Qxc8 Rbxc8 36.Kf1 f5
37.f3 fxe4 38.fxe4 Rc1+ 39.Rxc1 Rxc1+ 40.Kf2 g5 41.Kf3 gxh4 42.gxh4 Rf1+
43.Rf2 Re1 44.Re2 Rh1 45.Kg3 Kg6 46.Rg2 Re1  1-0

[Event "GM"]
[Site "Vienna AUT"]
[Date "2008.08.16"]
[Round "1"]
[White "Neubauer,M"]
[Black "Pachta,P"]
[Result "1/2-1/2"]
[WhiteElo "2457"]
[BlackElo "2312"]

1.d4 Nf6 2.Nf3 e6 3.c4 b6 4.g3 Ba6 5.Qc2 Bb4+ 6.Bd2 Bxd2+ 7.Nbxd2 Bb7 8.e4 d6
9.Bg2 Qe7 10.O-O e5 11.d5 O-O 12.b4 c6 13.Rfc1 Rc8 14.Qb2 Nbd7 15.Ne1 b5
16.dxc6 Bxc6 17.cxb5 Bxb5 18.Nc2 Nb6 19.Ne3 Qe6 20.Qb3 Rxc1+ 21.Rxc1 Rc8
22.Rxc8+ Qxc8 23.Qc2 Qxc2 24.Nxc2 d5 25.exd5 Nfxd5 26.a3 f6 27.Bf1 Nc3 28.Bxb5 Nxb5
29.Kf1 Kf7 30.Ke2 Ke6 31.Kd3 f5  1/2-1/2

[Event "Jessie Gilbert Celebration Int"]
[Site "Coulsdon ENG"]
[Date "2008.08.17"]
[Round "2"]
[White "Lalic,B"]
[Black "Martyn,R"]
[Result "1/2-1/2"]
[WhiteElo "2533"]
[BlackElo "2302"]

1.d4 Nf6 2.c4 e6 3.Nf3 b6 4.g3 Ba6 5.b3 Bb7 6.Bg2 Bb4+ 7.Bd2 a5 8.O-O O-O
9.Nc3 d6 10.Qc2 Bxc3 11.Bxc3 Nbd7 12.Rfe1 Be4 13.Qb2 Qb8 14.Bf1 c5 15.Nd2 Bc6
16.e4 cxd4 17.Bxd4 e5 18.Bc3 Nc5 19.Qc2 Qb7 20.h3 Nfxe4 21.Nxe4 Nxe4 22.h4 f5
23.Bg2 Nxc3 24.Bxc6 Qxc6 25.Qxc3 f4 26.Rad1 fxg3 27.Qxg3 Rf6 28.h5 Raf8 29.Re3 b5
30.cxb5 Qxb5 31.Red3 Qc6 32.R1d2 h6 33.Qg2 Qc1+ 34.Qf1 Qxf1+ 35.Kxf1 e4 36.Rxd6 Rxd6
37.Rxd6 e3 38.a4 Rxf2+ 39.Ke1 Kf7 40.Rd5 Rb2 41.Rxa5 Rxb3 42.Ke2 g5 43.hxg6+ Kxg6
44.Re5 Ra3 45.Rxe3 Rxa4  1/2-1/2

[Event "U16 Olympiad"]
[Site "Mersin TUR"]
[Date "2008.08.20"]
[Round "5"]
[White "Mammadov,A"]
[Black "Davarashvili,N"]
[Result "0-1"]
[WhiteElo "2347"]
[BlackElo "2221"]

1.d4 Nf6 2.Nf3 e6 3.c4 b6 4.g3 Ba6 5.b3 Bb4+ 6.Bd2 Be7 7.Bg2 c6 8.O-O d5
9.Bc3 O-O 10.Nbd2 Nbd7 11.Ne5 Nxe5 12.dxe5 Nd7 13.Qc2 Qc7 14.f4 b5 15.Kh1 g6
16.e4 bxc4 17.bxc4 dxc4 18.Nf3 Nc5 19.f5 Rfd8 20.Nd4 Bf8 21.Qd2 Bg7 22.Qe3 Na4
23.fxe6 Nxc3 24.exf7+ Kh8 25.Ne6 Qxe5 26.Nxd8 Rxd8 27.Qxa7 Bc8 28.Rac1 Rf8
29.Rc2 Nb5 30.Qb6 Be6 31.a4 Nd4 32.Rcf2 c3 33.a5 Bc4 34.Rc1 Nb3 35.Rd1 Qxa5
36.Qb7 Qc5 37.Ra2 Na5  0-1

[Event "44th Rubinstein Mem Open A"]
[Site "Polanica Zdroj POL"]
[Date "2008.08.21"]
[Round "3"]
[White "Litwin,J"]
[Black "Kveinys,A"]
[Result "0-1"]
[WhiteElo "2181"]
[BlackElo "2527"]

1.d4 Nf6 2.c4 e6 3.Nf3 b6 4.g3 Ba6 5.b3 Bb4+ 6.Bd2 Be7 7.Bg2 c6 8.O-O d5
9.Ne5 Nfd7 10.Nxd7 Nxd7 11.Bc3 O-O 12.Nd2 Rb8 13.a3 Bf6 14.Bb2 Re8 15.Re1 dxc4
16.Nxc4 Bxc4 17.bxc4 c5 18.e3 Rc8 19.Qb3 Qc7 20.d5 exd5 21.Bxd5 Rcd8 22.Rad1 Bxb2
23.Qxb2 Nf6 24.e4 Nxe4 25.Bxe4 Rxd1 26.Bxh7+ Kxh7 27.Rxd1 Qc6 28.Qc2+ Qe4
29.Qc3 Re7 30.a4 f5 31.a5 bxa5 32.Rd5 Rb7 33.f3 Qb1+ 34.Kg2 Rb2+ 35.Rd2 Rxd2+
36.Qxd2 a4 37.Qg5 Qb2+ 38.Kf1 Qe5 39.g4 a3 40.f4 Qa1+ 41.Kg2 Qb2+ 42.Kf3 Qc3+
43.Kg2 Qd2+ 44.Kh3 Qe3+ 45.Kh4 Qf2+  0-1

[Event "XI Bancpost A"]
[Site "Miercurea Ciuc ROM"]
[Date "2008.08.22"]
[Round "7"]
[White "Bognar,C"]
[Black "Nagy,Ga1"]
[Result "0-1"]
[WhiteElo "2293"]
[BlackElo "2156"]

1.d4 Nf6 2.c4 e6 3.Nf3 b6 4.g3 Ba6 5.Nbd2 Bb7 6.Bg2 c5 7.Nb3 d6 8.O-O Be7
9.d5 exd5 10.Nh4 Qd7 11.cxd5 Ng4 12.f3 Ne5 13.f4 Nc4 14.e4 O-O 15.Nf5 Bf6
16.Bh3 Kh8 17.Qc2 Ba6 18.Kg2 g6 19.Re1 gxf5 20.Bxf5 Qd8 21.Bxh7 Bg7 22.Bf5 Qf6
23.g4 Qh4 24.Be3 Bxb2 25.Rab1 Rg8 26.g5 Kg7 27.Rxb2 Qxe1 28.Bf2 Ne3+ 29.Bxe3 Qxe3
30.Nd2 Qxf4 31.Nf3 Kf8 32.h4 Ke7 33.Rb1 Bc8 34.Re1 Nd7 35.Qe2 Ne5 36.Nxe5 Qxe5
37.Qf2 f6 38.g6 Bd7 39.Re2 Kd8 40.h5 Kc7 41.Kh3 Rae8 42.Kg4 Rh8 43.Bxd7 Qxh5+  0-1

[Event "Jessie Gilbert Celebration Int"]
[Site "Coulsdon ENG"]
[Date "2008.08.24"]
[Round "9"]
[White "Williams,Pe"]
[Black "Donovan,N"]
[Result "1/2-1/2"]
[WhiteElo "1867"]
[BlackElo "2110"]

1.d4 Nf6 2.c4 e6 3.Nf3 b6 4.g3 Ba6 5.Qa4 Bb7 6.Bg2 c5 7.dxc5 bxc5 8.Nc3 Be7
9.O-O O-O 10.Qb3 Qb6 11.Qxb6 axb6 12.Bf4 d5 13.Ne5 Rd8 14.Rfd1 Nbd7 15.cxd5 Nxe5
16.d6 Bxg2 17.Bxe5 Bxd6 18.Bxd6 Bd5 19.Be7 Rd7 20.Bxf6 gxf6 21.e4 Bc6 22.Rxd7 Bxd7
23.Rd1 Bc6 24.f4 Kf8 25.e5 fxe5 26.fxe5 Ke7 27.Rd6 Rc8 28.Ne2 b5 29.Nf4 b4
30.b3 Be4 31.Nh5 Rd8 32.Ra6 Rd2 33.Nf6 Bb1 34.Ra8 Rd8 35.Ra7+ Kf8 36.Nd7+ Kg7
37.Nxc5 Rd1+ 38.Kf2 Rd2+ 39.Ke3 Rxh2 40.Nxe6+ Kg6 41.Nf4+ Kf5 42.Rxf7+ Kxe5
43.Re7+ Kd6 44.Rb7 Kc5 45.Nd3+ Bxd3 46.Kxd3 Rg2 47.Rg7 h6 48.Rg6 Kd5 49.g4 Rg3+
50.Ke2 Rg2+ 51.Kd1 Rxa2 52.Rxh6 Rg2 53.Rg6 Ke4 54.Rc6 Kd3 55.Kc1 Rxg4 56.Rc4 Re4
57.Kb2 Re2+ 58.Kc1  1/2-1/2

[Event "GM"]
[Site "Vienna AUT"]
[Date "2008.08.24"]
[Round "9"]
[White "Beckhuis,G"]
[Black "Schneider Zinner,H"]
[Result "1-0"]
[WhiteElo "2353"]
[BlackElo "2378"]

1.d4 Nf6 2.c4 e6 3.Nf3 b6 4.g3 Ba6 5.Qc2 Bb7 6.Bg2 c5 7.d5 exd5 8.cxd5 Nxd5
9.O-O Be7 10.Qe4 Bc6 11.Ne5 Nf6 12.Nxc6 Nxc6 13.Qa4 O-O 14.Nc3 a6 15.Bxc6 dxc6
16.Qxc6 b5 17.Bg5 Qc8 18.Qf3 Ra7 19.Rad1 h6 20.Bxf6 Bxf6 21.Rd5 Rd8 22.Rfd1 Rad7
23.Rxd7 Rxd7 24.Nd5 Bd4 25.Nb6  1-0